Reflecsiones sobre los perjuicios que ocasionaria algunas provincias de España y en particular a la de Cataluña la traslación de sus archivos a Madrid que propuso la comisión de Cortes en su dictamen y minuta de decreto presentado a las mismas en 19 de marzo de 1814 ... / publícalas ... Don Félix Fluralbo
Descripción Física:
7 p. ; 21 cm
Materias:
Arxius -- Catalunya
MARC
| LEADER | 00000nam a2200000Ia 4500 | ||
|---|---|---|---|
| 001 | 17513 | ||
| 008 | 160829s1821 xx 000 0 cat d | ||
| 080 | |a RF-15-32 | ||
| 100 | |a Fluralbo, Félix |9 47040 | ||
| 245 | |a Reflecsiones sobre los perjuicios que ocasionaria algunas provincias de España y en particular a la de Cataluña la traslación de sus archivos a Madrid que propuso la comisión de Cortes en su dictamen y minuta de decreto presentado a las mismas en 19 de marzo de 1814 ... / publícalas ... Don Félix Fluralbo | ||
| 260 | |a Barcelona : |b Impr. de José Torner, |c 1821 | ||
| 300 | |a 7 p. ; |c 21 cm | ||
| 590 | |a Prové de 14, exp. 1. | ||
| 650 | 0 | |a Arxius |z Catalunya |9 37959 | |
| 856 | 4 | |u https://media.diba.cat/diba/fitxers/arxiu/fulletons/bib_17513_1821_baixa.pdf |y Accés lliure | |
| 856 | 4 | |u https://media.diba.cat/diba/fitxers/arxiu/fulletons/bib_17513_1821_baixa.pdf |y Accés lliure | |
| 901 | |a Arxiu | ||
| 942 | |n 1 |2 udc | ||
| 952 | |0 0 |1 0 |4 0 |6 RF1532 |7 1 |9 53620 |a Arxiu |b Arxiu |d 2016-12-01 |l 0 |o RF-15-32 |p 17513 |r 2016-12-01 00:00:00 |w 2016-12-01 |y ARXIU | ||
| 999 | |c 57486 |d 57486 | ||
| 900 | |a bib_17513_1821_baixa.pdf | ||